000 00789nam a2200229Ia 4500
008 191130s2006##################000#0#eng##
020 _a9780415382045
022 _a79549144
040 _aACL
_cACL
082 _a332.4941 FRY
245 _aA banker's world: the revival of the city 1957-1970; speeches and writings of sir George Bolton
_cedited by Richard Fry, with a foreword by Sir Frank Lee
260 _aLondon
_bHutchinson
_c2006
300 _a224 p. 24 cm
500 _aOriginally published: London : Hutchinson, 1970
650 _aBanks and banking - Great Britain
650 _aFinance - England - London
650 _aMonetary policy - Great Britain
700 _aBolton, George
990 _a2e6fc2e0ac10000c4063ba9c0cd028ad
991 _a149092
999 _c339373
_d339373